000 00571nam a2200205 a 4500
001 19245
003 CO-ViMGA
008 141112s2004 ck r 000 u spa d
020 _a847672862X
040 _aCO-ViMGA
_bspa
_cCO-ViMGA
082 0 4 _a861.5 C177e
100 1 _aCastro, Rosalia de
_927646
245 1 0 _aEn las orillas del sar
260 _aBarcelona :
_bEdicomunicación; 1998
300 _a124 p.
490 _aColeccion Fontana; Clásicos universales
590 _aForma de adquisición : premio Mincultura
650 1 4 _aPOESIA ESPAÑOLA
942 _2ddc
_cBK
999 _c28407
_d28407